00964nam a2200229 a 4500001001000000003000500010005001700015008004100032010001100073011001100084040000900095100004100104245018200145260004100327500006000368502010700428650004400535650002200579650004300601650002000644856007000664000116163CHAP20220329144603.0190925s2019 mx | |sm |||||||spa d a112624 a113596 cCHAP1 aRamírez Vásquez, Jesús Daniel.10aCapacidad comercial y factores de competitividad en la red de productores de maíz (Zea mays) de valles centrales, Oaxacah[En línea]cpor Jesús Daniel Ramírez Vásquez. aChapingo, Méx. :bEl autor,c2019. aPara ver el contenido del material haga clic en la liga aTesis (Licenciado en Redes Agroalimentarias) -- UACH. Didección de Centros Regionales Universitarios14aMaízxCostos de producciónzOaxaca.14aMaízxMercadeo.14aMaízxOrganización de productores.14aMaízzOaxaca. aFinding aiduhttp://10.13.5.2/tesis/sist116163.pdfzTeclea aquí